Region VI (Western Visayas) Provinces of Philippines - Statistics

General Stats
  • This quiz has been taken 306 times
  • The average score is 5 of 6
Answer Stats
Province % Correct
Iloilo
95%
Aklan
94%
Antique
89%
Capiz
89%
Negros Occidental
86%
Guimaras
84%
No matching quizzes found
Score Distribution
Percent of People with Each Score
Percentile by Number Answered
Your Score History
You have not taken this quiz